Deutschland: Geografie mit O - Statistiken

Allgemein
  • Dieses Quiz wurde 486 mal gespielt
  • Das Durchschnittsergebnis liegt bei 8 aus 12
Antwortstatistiken
Hinweis Antwort % Korrekt
Fluss durch Frankfurt, der einen Teil der deutsch-polnischen Grenze bildet Oder
99%
Bekannte Beispiele sind die Alte ____ in Frankfurt, die Deutsche ____ in Berlin oder die Semper____ in Dresden Oper
96%
Eines der beiden Meere, an denen Deutschland über eine Küste verfügt Ostsee
96%
Drittgrößte Stadt Niedersachsens, die lange die Residenzstadt des gleichnamigen Herzogtums war Oldenburg
89%
Nordwestlich von der oben gesuchten Stadt liegt diese Region, deren Einwohner häufig Gegenstand von Witzen sind Ostfriesland
85%
Großstadt am Main, die unmittelbar an Frankfurt grenzt Offenbach
80%
Kreisfreie Stadt in NRW, in der 1758 die erste Eisenhütte des Ruhrgebiets eröffnet wurde Oberhausen
63%
Bis 626 Meter hohes Mittelgebirge in Hessen, Baden-Württemberg und Bayern Odenwald
57%
Mit 1024 Metern der zweithöchste Berg im Fichtelgebirge {Ochsen}kopf
48%
Nebenfluss der Aller, der im Harz entspringt und u. a. durch Braunschweig fließt Oker
42%
Einer der sieben Regierungsbezirke Bayerns mit Sitz in Regensburg Oberpfalz
35%
Stadtteil von Ludwigshafen am Rhein, der als Heimat von Helmut Kohl bekannt wurde Oggersheim
34%
Keine übereinstimmenden Quizze gefunden
Verteilung der Resultate
Anzahl Personen mit jedem Resultat
Perzentil nach korrekt beantworteten Fragen
Ihre Resultats-Entwicklung
Sie haben dieses Quiz noch nicht gespielt